00342nam a2200133 a 45000010010000000030011000100080041000210350026000620820018000881000020001062450037001262600037001636500008002000000-8510ELIB.Books110520 1996  a(ELIB.Books)0000-8655 a231.044 bLee aLee, Jung Young aThe Trinity in Asian Perspective bNashville: Abingdon Press c1996 aGod